[Event "DVM U14w 2018"]
[Site "Neumünster GER"]
[Date "2018.12.27"]
[Round "2"]
[White "Dietz, Kristin"]
[Black "Buchholz, Maja"]
[Result "1-0"]
[Termination "normal"]
[Board "1.1"]
[WhiteElo "1735"]
[BlackElo "1517"]
[WhiteClock "00:49:29"]
[BlackClock "00:55:27"]
[WhiteTeam "USV Halle"]
[BlackTeam "SV 1920 Hofheim"]
[PlyCount "65"]
[WhiteFideId "12993743"]
[BlackFideId "16200500"]
[EventCountry "GER"]
[EventRounds "7"]
[EventType "team-swiss"]
[EventDate "2018.12.26"]

1. e4 {4} c5 {5} 2. Nf3 {5} d6 {5} 3. d4 {6} cxd4 {4} 4. Nxd4 {5} Nf6 {5} 5.
Nc3 {8} g6 {6} 6. Be3 {12} Bg7 {7} 7. f3 {8} O-O {7} 8. Qd2 {5} Nc6 {14} 9. g4
{41} Bd7 {34} 10. h4 {72} a6 {142} 11. h5 {199} b5 {34} 12. hxg6 {83} fxg6 {39}
13. Nxc6 {250} Bxc6 {24} 14. Bh6 {98} Rf7 {102} 15. Bxg7 {97} Kxg7 {338} 16.
O-O-O {234} Qa5 {182} 17. Kb1 {93} Rc8 {86} 18. Bd3 {317} b4 {409} 19. Nd5 {173
} Nxd5 {96} 20. exd5 {19} Bxd5 {31} 21. b3 {543} Bxf3 {212} 22. Qh6+ {59} Kg8 {
116} 23. Bxg6 {93} Bxh1 {219} 24. Rxh1 {86} Rg7 {102} 25. Bxh7+ {119} Kf8 {179}
26. Rf1+ {313} Ke8 {123} 27. Qxg7 {8} Rc5 {232} 28. Rf8+ {35} Kd7 {9} 29. Bf5+
{8} Kc6 {82} 30. Rc8+ {192} Kb6 {68} 31. Qd4 {213} Kb7 {108} 32. Rxc5 {37} dxc5
{70} 33. Qd7+ {18} 1-0

[Event "DVM U14w 2018"]
[Site "Neumünster GER"]
[Date "2018.12.27"]
[Round "2"]
[White "Irrgang, Natascha"]
[Black "Stowicek, Yara Mathilda"]
[Result "0-1"]
[Termination "normal"]
[Board "1.2"]
[WhiteElo "1164"]
[BlackElo "1651"]
[WhiteClock "00:02:36"]
[BlackClock "00:31:04"]
[WhiteTeam "SV 1920 Hofheim"]
[BlackTeam "USV Halle"]
[PlyCount "98"]
[WhiteFideId "16257545"]
[BlackFideId "16203569"]
[EventCountry "GER"]
[EventRounds "7"]
[EventType "team-swiss"]
[EventDate "2018.12.26"]

1. e4 {1} e5 {5} 2. Nf3 {4} Nc6 {7} 3. d4 {3} exd4 {11} 4. Nxd4 {6} Qh4 {32} 5.
Nc3 {217} Bb4 {116} 6. Qd3 {190} Nf6 {387} 7. Be2 {1162} Qxe4 {457} 8. Ndb5 {
508} Qxd3 {379} 9. Bxd3 {225} Ba5 {48} 10. Bd2 {276} a6 {192} 11. Na3 {188} b5
{116} 12. Ne4 {264} Bxd2+ {147} 13. Nxd2 {54} Bb7 {100} 14. f3 {265} O-O {30}
15. O-O {38} Nb4 {189} 16. Be2 {204} Rfe8 {87} 17. Rfe1 {17} Re6 {90} 18. c3 {
98} Nbd5 {24} 19. Nc2 {62} c5 {62} 20. Bd3 {88} Rae8 {134} 21. Ne4 {91} Nxe4 {
232} 22. Bxe4 {9} Bc6 {227} 23. Rad1 {250} Re5 {587} 24. Kf2 {147} Kf8 {85} 25.
Bxh7 {152} g6 {59} 26. Bxg6 {270} fxg6 {59} 27. b3 {132} Nxc3 {19} 28. Rd6 {32}
Kf7 {59} 29. Rd2 {67} d5 {89} 30. h4 {246} d4 {124} 31. g4 {51} Nd5 {87} 32.
Rh1 {41} Ne3 {365} 33. h5 {66} Nxg4+ {49} 34. Kg3 {244} gxh5 {75} 35. Rf1 {209}
Ne3 {56} 36. Nxe3 {26} Rxe3 {55} 37. Kg2 {166} Re2+ {24} 38. Rxe2 {18} Rxe2+ {5
} 39. Kg3 {25} d3 {15} 40. Rd1 {28} c4 {16} 41. bxc4 {43} bxc4 {7} 42. Kf4 {89}
d2 {16} 43. Kg3 {61} c3 {11} 44. a3 {259} c2 {10} 45. Rxd2 {73} Rxd2 {8} 46.
Kf4 {4} c1=Q {9} 47. Ke3 {23} Qc3+ {19} 48. Kf4 {10} Qxf3+ {6} 49. Ke5 {22}
Qf6# {Kd4 [%emt 00:00:17] 9} 0-1

[Event "DVM U14w 2018"]
[Site "Neumünster GER"]
[Date "2018.12.27"]
[Round "2"]
[White "Fritsch, Lea"]
[Black "Biesdorf, Ina"]
[Result "1-0"]
[Termination "normal"]
[Board "1.3"]
[WhiteElo "1606"]
[BlackElo "1325"]
[WhiteClock "00:03:52"]
[BlackClock "00:07:08"]
[WhiteTeam "USV Halle"]
[BlackTeam "SV 1920 Hofheim"]
[PlyCount "155"]
[WhiteFideId "16212436"]
[BlackFideId "16275322"]
[EventCountry "GER"]
[EventRounds "7"]
[EventType "team-swiss"]
[EventDate "2018.12.26"]

1. e4 {1} e5 {9} 2. Nf3 {3} Nc6 {8} 3. Bc4 {4} Bc5 {10} 4. c3 {4} d6 {72} 5. d3
{9} Nf6 {48} 6. Nbd2 {5} O-O {32} 7. O-O {29} Be6 {130} 8. Bb3 {8} Nh5 {230} 9.
Re1 {270} Qf6 {206} 10. Nf1 {86} h6 {416} 11. Be3 {230} Bb6 {90} 12. Bxb6 {588}
axb6 {28} 13. Bxe6 {56} fxe6 {31} 14. d4 {89} Rad8 {275} 15. Ne3 {310} Ne7 {191
} 16. Ng4 {581} Qg6 {259} 17. h3 {28} Nf6 {53} 18. Nxf6+ {322} Qxf6 {70} 19.
dxe5 {294} dxe5 {78} 20. Qe2 {20} Ng6 {81} 21. Qe3 {67} Nf4 {101} 22. Rad1 {74}
Rd6 {272} 23. Rxd6 {605} cxd6 {37} 24. Nh2 {30} Rf7 {880} 25. Ng4 {92} Qg6 {110
} 26. Qg3 {205} h5 {347} 27. Nh2 {93} Qf6 {86} 28. Qe3 {239} Rf8 {704} 29. Nf1
{211} Qg5 {94} 30. Qg3 {144} Qf6 {97} 31. Qe3 {102} Qh6 {544} 32. Ng3 {195} Qg5
{82} 33. h4 {428} Qxh4 {10} 34. Ne2 {90} Nd3 {133} 35. Rf1 {293} Nf4 {79} 36.
Nxf4 {75} exf4 {16} 37. Qxb6 {264} f3 {102} 38. Qxd6 {90} fxg2 {123} 39. Kxg2 {
11} Qxe4+ {46} 40. f3 {97} Qf5 {126} 41. Qg3 {286} Kh7 {153} 42. Re1 {121} Rf6
{65} 43. Kf2 {309} Rh6 {197} 44. Qh4 {317} g5 {64} 45. Qe4 {248} Qxe4 {171} 46.
Rxe4 {12} Rf6 {16} 47. Kg2 {242} Kg6 {33} 48. a4 {36} Kf5 {17} 49. Rb4 {150}
Rf7 {77} 50. a5 {63} e5 {104} 51. Ra4 {148} Re7 {125} 52. b4 {188} e4 {23} 53.
b5 {83} e3 {68} 54. a6 {79} bxa6 {72} 55. bxa6 {37} Ra7 {31} 56. Kf1 {60} h4 {
61} 57. Ke2 {51} h3 {15} 58. Kxe3 {56} h2 {14} 59. Ra1 {3} g4 {161} 60. Kf2 {68
} Kf4 {263} 61. fxg4 {11} Kxg4 {20} 62. Kg2 {5} Kf4 {467} 63. Kxh2 {23} Ke5 {19
} 64. Kg2 {12} Kd5 {17} 65. Kf3 {17} Kc5 {24} 66. Ke4 {9} Kb5 {11} 67. Kd5 {35}
Rd7+ {28} 68. Ke6 {55} Ra7 {33} 69. Kd6 {19} Kb6 {109} 70. c4 {59} Rxa6 {184}
71. Rxa6+ {2} Kxa6 {8} 72. c5 {8} Ka7 {153} 73. c6 {14} Kb8 {24} 74. Kd7 {4}
Ka7 {8} 75. c7 {4} Ka8 {35} 76. c8=Q+ {4} Ka7 {6} 77. Qc5+ {41} Ka6 {15} 78.
Qb4 {30} 1-0

[Event "DVM U14w 2018"]
[Site "Neumünster GER"]
[Date "2018.12.27"]
[Round "2"]
[White "Reuter, Elisa"]
[Black "Becker, Linda"]
[Result "1-0"]
[Termination "normal"]
[Board "2.1"]
[WhiteElo "1839"]
[BlackElo "1436"]
[WhiteClock "01:25:56"]
[BlackClock "01:22:49"]
[WhiteTeam "SG Leipzig"]
[BlackTeam "SG Porz"]
[PlyCount "27"]
[WhiteFideId "12995444"]
[BlackFideId "16244753"]
[EventCountry "GER"]
[EventRounds "7"]
[EventType "team-swiss"]
[EventDate "2018.12.26"]

1. e4 e6 {5} 2. d4 {4} d5 {4} 3. Nc3 {3} Bb4 {6} 4. e5 {4} c5 {6} 5. a3 {4}
Bxc3+ {5} 6. bxc3 {4} Nd7 {38} 7. Qg4 {48} Kf8 {76} 8. Bd3 {163} h5 {156} 9.
Qf3 {79} Ne7 {169} 10. Bg5 {111} Qc7 {53} 11. Bd2 {146} b6 {181} 12. Nh3 {83}
Bb7 {125} 13. Ng5 {32} f6 {53} 14. Nxe6+ {2} 1-0

[Event "DVM U14w 2018"]
[Site "Neumünster GER"]
[Date "2018.12.27"]
[Round "2"]
[White "Sinner, Joselyne"]
[Black "Oswald, Hannah"]
[Result "0-1"]
[Termination "normal"]
[Board "2.2"]
[WhiteElo "1518"]
[BlackElo "1613"]
[WhiteClock "01:20:42"]
[BlackClock "00:57:33"]
[WhiteTeam "SG Porz"]
[BlackTeam "SG Leipzig"]
[PlyCount "48"]
[WhiteFideId "16210387"]
[BlackFideId "16214960"]
[EventCountry "GER"]
[EventRounds "7"]
[EventType "team-swiss"]
[EventDate "2018.12.26"]

1. e4 e5 {8} 2. Nf3 {3} Nc6 {8} 3. Nc3 {3} Nf6 {25} 4. Bb5 {5} Bc5 {35} 5. Nxe5
{13} Nd4 {181} 6. d3 {286} O-O {345} 7. Be3 {236} Nxb5 {633} 8. Nxb5 {61} Bxe3
{140} 9. fxe3 {11} c6 {78} 10. Nd6 {165} Qa5+ {39} 11. c3 {83} Qxe5 {21} 12.
Nf5 {14} d5 {108} 13. Qf3 {45} dxe4 {74} 14. dxe4 {8} Qxe4 {165} 15. Nd6 {91}
Qc2 {292} 16. Qf2 {69} Qxf2+ {81} 17. Kxf2 {6} Rd8 {67} 18. Rad1 {5} Bg4 {53}
19. Rd4 {33} c5 {88} 20. Rd2 {82} Rxd6 {30} 21. Rxd6 {35} Ne4+ {6} 22. Ke1 {17}
Nxd6 {26} 23. Kf2 {15} Ne4+ {63} 24. Ke1 {15} Rd8 {138} 0-1

[Event "DVM U14w 2018"]
[Site "Neumünster GER"]
[Date "2018.12.27"]
[Round "2"]
[White "Fege, Astrid"]
[Black "Ramien, Hannah"]
[Result "1-0"]
[Termination "normal"]
[Board "2.3"]
[WhiteElo "1235"]
[BlackElo "1280"]
[WhiteClock "01:02:09"]
[BlackClock "00:49:05"]
[WhiteTeam "SG Leipzig"]
[BlackTeam "SG Porz"]
[PlyCount "55"]
[WhiteFideId "16217152"]
[BlackFideId "16209982"]
[EventCountry "GER"]
[EventRounds "7"]
[EventType "team-swiss"]
[EventDate "2018.12.26"]

1. e4 {2} e5 {6} 2. Nf3 {3} Nc6 {5} 3. Bc4 {5} Nf6 {5} 4. d3 {4} Be7 {7} 5. c3
{5} d6 {4} 6. O-O {8} O-O {6} 7. Bb3 {2} Bg4 {14} 8. Nbd2 {13} a6 {43} 9. Re1 {
9} Na5 {15} 10. Bc2 {10} c5 {24} 11. h3 {10} Bh5 {6} 12. Nf1 {164} h6 {26} 13.
Ng3 {75} Bg6 {15} 14. Nh4 {247} Kh8 {133} 15. Nhf5 {144} b5 {349} 16. Qf3 {107}
Nh7 {576} 17. a3 {580} Ng5 {341} 18. Qg4 {75} Bf6 {174} 19. h4 {66} Ne6 {173}
20. b4 {481} Nc6 {206} 21. Bb3 {29} Ne7 {212} 22. Bxe6 {94} fxe6 {28} 23. Nxe7
{10} Qxe7 {29} 24. Qxg6 {16} Bxh4 {29} 25. Be3 {85} Bf6 {388} 26. Nh5 {110}
cxb4 {197} 27. axb4 {58} Qc7 {274} 28. Rec1 {137} 1-0

[Event "DVM U14w 2018"]
[Site "Neumünster GER"]
[Date "2018.12.27"]
[Round "2"]
[White "Brunner, Sophia"]
[Black "Falke, Ornella"]
[Result "1-0"]
[Termination "normal"]
[Board "3.1"]
[WhiteElo "1755"]
[BlackElo "1509"]
[WhiteClock "00:14:06"]
[BlackClock "00:14:11"]
[WhiteTeam "SC Papenburg"]
[BlackTeam "Elmshorner SC"]
[PlyCount "111"]
[WhiteFideId "12960683"]
[BlackFideId "16207092"]
[EventCountry "GER"]
[EventRounds "7"]
[EventType "team-swiss"]
[EventDate "2018.12.26"]

1. d4 {2} d5 {7} 2. Nf3 {12} Bf5 {58} 3. c4 {197} c6 {123} 4. Nc3 {108} e6 {17}
5. Bf4 {228} Bd6 {105} 6. Bg3 {183} Nf6 {81} 7. e3 {22} O-O {119} 8. Qb3 {376}
Bxg3 {185} 9. hxg3 {68} Qc7 {131} 10. Be2 {410} Nbd7 {90} 11. O-O {48} dxc4 {
233} 12. Bxc4 {101} Ng4 {467} 13. e4 {467} Bg6 {53} 14. Bxe6 {364} Ngf6 {121}
15. Bxd7 {74} Qxd7 {12} 16. Rfe1 {630} Bh5 {194} 17. e5 {323} Ne8 {342} 18. Ne2
{270} Rb8 {144} 19. Rad1 {211} Nc7 {113} 20. Nf4 {371} Bg4 {71} 21. d5 {629}
cxd5 {971} 22. Nxd5 {91} Nxd5 {62} 23. Rxd5 {309} Qc6 {139} 24. Nd4 {377} Qa6 {
209} 25. f3 {173} Be6 {439} 26. Nxe6 {9} Qxe6 {23} 27. Red1 {71} f6 {188} 28.
exf6 {34} Rxf6 {182} 29. Rd8+ {17} Rxd8 {9} 30. Rxd8+ {6} Kf7 {13} 31. Rd7+ {78
} Kg6 {31} 32. Qxe6 {41} Rxe6 {5} 33. Rxb7 {3} Re2 {650} 34. a3 {65} a5 {330}
35. b4 {62} Re5 {112} 36. bxa5 {29} Rxa5 {6} 37. Rb3 {4} Ra7 {141} 38. Kf2 {14}
Kf5 {33} 39. g4+ {69} Kg5 {134} 40. Rb5+ {43} Kf6 {82} 41. Rb3 {79} Ke5 {88}
42. Re3+ {239} Kd4 {160} 43. f4 {337} Kc4 {475} 44. Kf3 {124} Kb5 {57} 45. g5 {
79} g6 {68} 46. g4 {72} Ka4 {83} 47. f5 {70} Rf7 {44} 48. f6 {17} h5 {515} 49.
gxh5 {216} gxh5 {4} 50. Re7 {51} Rf8 {15} 51. f7 {145} Rc8 {52} 52. Re8 {22}
Rc3+ {10} 53. Kg2 {5} Rc2+ {9} 54. Kh3 {9} Rc3+ {10} 55. Kh4 {11} Rc4+ {5} 56.
Kxh5 {7} 1-0

[Event "DVM U14w 2018"]
[Site "Neumünster GER"]
[Date "2018.12.27"]
[Round "2"]
[White "Bräutigam, Katerina"]
[Black "Roncea, Andreea-Alexandra"]
[Result "1/2-1/2"]
[Termination "normal"]
[Board "3.2"]
[WhiteElo "1546"]
[BlackElo "1511"]
[WhiteClock "00:22:40"]
[BlackClock "00:26:35"]
[WhiteTeam "Elmshorner SC"]
[BlackTeam "SC Papenburg"]
[PlyCount "92"]
[WhiteFideId "16242980"]
[BlackFideId "16233115"]
[EventCountry "GER"]
[EventRounds "7"]
[EventType "team-swiss"]
[EventDate "2018.12.26"]

1. c4 e6 {8} 2. g3 {10} d5 {9} 3. cxd5 {17} exd5 {15} 4. Bg2 {12} Nf6 {29} 5.
d4 {176} Be7 {53} 6. Nc3 {166} O-O {57} 7. Bg5 {105} c6 {158} 8. Nf3 {91} Nbd7
{32} 9. O-O {94} Re8 {151} 10. Rb1 {215} h6 {155} 11. Bf4 {218} Nf8 {228} 12.
b4 {147} Bf5 {214} 13. Rb2 {28} a6 {698} 14. a4 {383} Ng6 {325} 15. Bd2 {46}
Ne4 {466} 16. Be1 {389} Nf8 {514} 17. b5 {224} axb5 {210} 18. axb5 {85} Nd7 {
354} 19. bxc6 {617} bxc6 {33} 20. Na2 {1625} Nb6 {331} 21. Ne5 {102} Bd7 {296}
22. Nb4 {82} Bxb4 {107} 23. Bxb4 {55} f6 {131} 24. Nxd7 {70} Qxd7 {195} 25. Rc2
{216} Ra4 {214} 26. Qb1 {182} Ng5 {312} 27. Qb3 {116} Ra6 {86} 28. Qd3 {298}
Ra4 {169} 29. Bd2 {61} Nc4 {126} 30. Bxg5 {206} hxg5 {39} 31. Qb3 {144} Ra3 {
198} 32. Qb4 {48} Rea8 {129} 33. Rb1 {111} Ra2 {191} 34. Rxa2 {34} Rxa2 {9} 35.
e3 {26} Qf5 {59} 36. Qe1 {63} Qc2 {140} 37. Rb8+ {41} Kh7 {41} 38. Rb1 {34}
Nxe3 {40} 39. Rc1 {27} Nxg2 {35} 40. Rxc2 {16} Nxe1 {10} 41. Rxa2 {33} Nf3+ {28
} 42. Kg2 {13} Nxd4 {20} 43. f3 {113} Kg6 {45} 44. Kf2 {25} Kf5 {75} 45. Ke3 {
21} Ne6 {125} 46. Ra5 {468} Ke5 {151} 1/2-1/2

[Event "DVM U14w 2018"]
[Site "Neumünster GER"]
[Date "2018.12.27"]
[Round "2"]
[White "Evering, Enna"]
[Black "Margaryan, Susanna"]
[Result "1-0"]
[Termination "normal"]
[Board "3.3"]
[WhiteElo "1388"]
[BlackElo "960"]
[WhiteClock "01:07:05"]
[BlackClock "01:14:50"]
[WhiteTeam "SC Papenburg"]
[BlackTeam "Elmshorner SC"]
[PlyCount "59"]
[WhiteFideId "16218213"]
[BlackFideId "16268210"]
[EventCountry "GER"]
[EventRounds "7"]
[EventType "team-swiss"]
[EventDate "2018.12.26"]

1. e4 {11} e5 {33} 2. Nf3 {39} Nc6 {18} 3. d4 {25} exd4 {163} 4. Nxd4 {78} Qh4
{243} 5. Nc3 {63} Bb4 {107} 6. Be2 {71} Bxc3+ {37} 7. bxc3 {30} Qxe4 {26} 8.
Nb5 {77} Qe5 {156} 9. f4 {372} Qe7 {212} 10. Nxc7+ {139} Kd8 {27} 11. Nxa8 {114
} d6 {50} 12. O-O {184} Nf6 {105} 13. Bf3 {331} Bd7 {73} 14. Re1 {80} Be6 {40}
15. f5 {30} Kd7 {62} 16. fxe6+ {75} fxe6 {8} 17. Bxc6+ {41} bxc6 {9} 18. Rb1 {
35} Ke8 {73} 19. Rb8+ {31} Kf7 {36} 20. Rxh8 {22} d5 {51} 21. Bg5 {105} h6 {36}
22. Bxf6 {12} gxf6 {5} 23. Rh7+ {7} Kf8 {148} 24. Rxe7 {120} Kxe7 {6} 25. Qh5 {
41} Kd6 {34} 26. c4 {122} dxc4 {20} 27. Rd1+ {6} Ke7 {23} 28. Qxh6 {13} e5 {15}
29. Qg7+ {14} Ke6 {4} 30. Qd7# {6} 1-0

[Event "DVM U14w 2018"]
[Site "Neumünster GER"]
[Date "2018.12.27"]
[Round "2"]
[White "Kiesel, Lara"]
[Black "Petrosyan, Ani"]
[Result "1-0"]
[Termination "normal"]
[Board "4.1"]
[WhiteElo "1517"]
[BlackElo "1345"]
[WhiteTeam "SC Borussia Lichtenberg"]
[BlackTeam "TuRa Harksheide Norderstedt 1"]
[PlyCount "81"]
[WhiteFideId "12973785"]
[BlackFideId "16248015"]
[EventCountry "GER"]
[EventRounds "7"]
[EventType "team-swiss"]
[EventDate "2018.12.26"]

1. e4 c6 2. d4 d5 3. e5 c5 4. dxc5 e6 5. a3 Bxc5 6. b4 Bb6 7. Nf3 Ne7 8. Bd3
Nd7 9. O-O a5 10. Bb2 Bc7 11. Nbd2 Ng6 12. Re1 O-O 13. Nb3 b6 14. b5 Nc5 15.
Nxc5 bxc5 16. a4 Nf4 17. Ba3 Bb6 18. Bf1 Re8 19. Qd2 Ng6 20. Rad1 Bb7 21. c3
Rc8 22. h3 Qd7 23. Qg5 c4 24. Nd4 Bd8 25. Qe3 h6 26. f4 Ne7 27. g4 Kh8 28. Re2
Rf8 29. Rg2 g6 30. f5 Kh7 31. Bc1 g5 32. h4 Rg8 33. Rh2 Nxf5 34. gxf5 exf5 35.
Rg2 f4 36. Qf3 Qe8 37. hxg5 hxg5 38. Qh5+ Kg7 39. Nf5+ Kf8 40. Qh6+ Rg7 41.
Qxg7# 1-0

[Event "DVM U14w 2018"]
[Site "Neumünster GER"]
[Date "2018.12.27"]
[Round "2"]
[White "Foos, Vanessa"]
[Black "Berghold, Lotta"]
[Result "0-1"]
[Termination "normal"]
[Board "4.2"]
[WhiteElo "1177"]
[BlackElo "1383"]
[WhiteTeam "TuRa Harksheide Norderstedt 1"]
[BlackTeam "SC Borussia Lichtenberg"]
[PlyCount "84"]
[WhiteFideId "16245270"]
[BlackFideId "16243463"]
[EventCountry "GER"]
[EventRounds "7"]
[EventType "team-swiss"]
[EventDate "2018.12.26"]

1. d4 b6 2. e4 Bb7 3. Nc3 e6 4. Nf3 Bb4 5. e5 Bxc3+ 6. bxc3 Ne7 7. Ba3 O-O 8.
Bd3 Re8 9. O-O h6 10. Qe2 d6 11. exd6 cxd6 12. Rfe1 Qc7 13. Nd2 Qxc3 14. Bxd6
Qxd4 15. Be5 Qh4 16. Nf3 Qh5 17. Bc3 Bxf3 18. Qxf3 Qxf3 19. gxf3 Nd7 20. Bb5
Red8 21. Rad1 Nc5 22. Rxd8+ Rxd8 23. Kh1 Nf5 24. Rg1 Rd6 25. Bf1 Na4 26. Ba1
Rd2 27. Bh3 g6 28. Bxf5 exf5 29. c4 Nc5 30. Rg2 Rxa2 31. Bd4 Rc2 32. Be3 h5 33.
Rg1 Rxc4 34. Ra1 Ra4 35. Rc1 Ra5 36. Kg1 Ne6 37. Rc8+ Kg7 38. Ra8 b5 39. Bxa7
Ra4 40. Rb8 Rxa7 41. Rxb5 Ra3 42. Kg2 Nd4 0-1

[Event "DVM U14w 2018"]
[Site "Neumünster GER"]
[Date "2018.12.27"]
[Round "2"]
[White "Relógio Stauber, Anna"]
[Black "Rößl, Sara"]
[Result "1-0"]
[Termination "normal"]
[Board "4.3"]
[WhiteElo "1327"]
[BlackElo "908"]
[WhiteTeam "SC Borussia Lichtenberg"]
[BlackTeam "TuRa Harksheide Norderstedt 1"]
[PlyCount "112"]
[WhiteFideId "16255771"]
[BlackFideId "16255828"]
[EventCountry "GER"]
[EventRounds "7"]
[EventType "team-swiss"]
[EventDate "2018.12.26"]

1. d4 d5 2. Nf3 Nc6 3. c3 Bg4 4. e3 a6 5. Nbd2 Nf6 6. Bd3 e6 7. h3 Bf5 8. Qc2
Bxd3 9. Qxd3 Bd6 10. O-O O-O 11. e4 e5 12. Re1 Re8 13. dxe5 dxe4 14. Nxe4 Bxe5
15. Qxd8 Raxd8 16. Nxf6+ Bxf6 17. Bf4 Re7 18. Rxe7 Nxe7 19. Bxc7 Rd7 20. Bh2 h6
21. Re1 Rd8 22. Kf1 Nf5 23. g4 Nh4 24. Nxh4 Bxh4 25. Re2 Rd1+ 26. Kg2 Rd3 27.
f3 Kh7 28. Bg3 Bg5 29. h4 Be3 30. Bf2 Bc1 31. Kg3 g5 32. hxg5 hxg5 33. Bd4 Bf4+
34. Kf2 b5 35. Be3 Rd6 36. Bxf4 gxf4 37. Re7 Rf6 38. Ke2 Kg7 39. Re4 Kg6 40.
Kd3 Kg5 41. c4 bxc4+ 42. Rxc4 Rb6 43. b4 f6 44. a3 f5 45. Rc5 Rd6+ 46. Kc4 Rf6
47. Rxf5+ Rxf5 48. gxf5 Kxf5 49. Kd5 Kf6 50. a4 Kf5 51. b5 axb5 52. axb5 Kg5
53. b6 Kh4 54. b7 Kg3 55. Ke4 Kg2 56. b8=Q Kf2 1-0

[Event "DVM U14w 2018"]
[Site "Neumünster GER"]
[Date "2018.12.27"]
[Round "2"]
[White "Chen, Michelle"]
[Black "Klühs, Isabel"]
[Result "0-1"]
[Termination "normal"]
[Board "4.4"]
[WhiteElo "799"]
[BlackElo "1412"]
[WhiteTeam "TuRa Harksheide Norderstedt 1"]
[BlackTeam "SC Borussia Lichtenberg"]
[PlyCount "64"]
[WhiteFideId "16275403"]
[BlackFideId "16228944"]
[EventCountry "GER"]
[EventRounds "7"]
[EventType "team-swiss"]
[EventDate "2018.12.26"]

1. d4 d5 2. e3 Nf6 3. c4 e6 4. Nc3 Bb4 5. Nf3 O-O 6. Bd3 Bxc3+ 7. bxc3 b6 8.
Ba3 Re8 9. O-O Ba6 10. cxd5 Nxd5 11. Qd2 Bxd3 12. Qxd3 Nf6 13. Rfe1 c5 14. e4
Nc6 15. e5 Nh5 16. Rad1 cxd4 17. h3 Nf4 18. Qe4 Nd5 19. Ng5 g6 20. f4 h6 21.
Nf3 h5 22. cxd4 Rc8 23. Ng5 Nc3 24. Qf3 Nxd1 25. Rxd1 Na5 26. g4 Qd5 27. Qg3
hxg4 28. Qxg4 Nc4 29. Bb4 Ne3 30. Qg3 Nxd1 31. Qg4 Qxd4+ 32. Kf1 Qf2# 0-1

[Event "DVM U14w 2018"]
[Site "Neumünster GER"]
[Date "2018.12.27"]
[Round "2"]
[White "Ziegenfuß, Antonia"]
[Black "Basovskiy, Jana"]
[Result "1-0"]
[Termination "normal"]
[Board "5.1"]
[WhiteElo "1949"]
[BlackElo "1768"]
[WhiteTeam "OSG Baden-Baden"]
[BlackTeam "SF Sasbach"]
[PlyCount "80"]
[WhiteFideId "12962554"]
[BlackFideId "16208617"]
[EventCountry "GER"]
[EventRounds "7"]
[EventType "team-swiss"]
[EventDate "2018.12.26"]

1. d4 Nf6 2. c4 e6 3. Nc3 Bb4 4. f3 d5 5. a3 Bxc3+ 6. bxc3 O-O 7. cxd5 exd5 8.
e3 Re8 9. Bd3 Nh5 10. g4 Qh4+ 11. Kd2 Qf2+ 12. Qe2 Qxe2+ 13. Nxe2 Nf6 14. Nf4
c6 15. a4 b6 16. a5 Bb7 17. axb6 axb6 18. Rxa8 Bxa8 19. Bb2 h6 20. h4 Bb7 21.
Ra1 Nbd7 22. g5 hxg5 23. hxg5 Nh7 24. Ra7 Rb8 25. Ba3 c5 26. Bb5 Nhf8 27. Nd3
Ba8 28. Bc6 Kh7 29. Bxa8 Kg6 30. f4 f6 31. Bxd5 Kh5 32. gxf6 gxf6 33. dxc5 bxc5
34. Nxc5 Nxc5 35. Bxc5 Ne6 36. Be4 Kh4 37. Rh7+ Kg3 38. Be7 Kg4 39. Rh6 Kg3 40.
Bf5 Rb3 1-0

[Event "DVM U14w 2018"]
[Site "Neumünster GER"]
[Date "2018.12.27"]
[Round "2"]
[White "Schneider, Katharina"]
[Black "Doll, Rebecca"]
[Result "0-1"]
[Termination "normal"]
[Board "5.2"]
[WhiteElo "1731"]
[BlackElo "1764"]
[WhiteTeam "SF Sasbach"]
[BlackTeam "OSG Baden-Baden"]
[PlyCount "120"]
[WhiteFideId "16200519"]
[BlackFideId "16236890"]
[EventCountry "GER"]
[EventRounds "7"]
[EventType "team-swiss"]
[EventDate "2018.12.26"]

1. e4 e5 2. Nf3 Nc6 3. Bc4 Bc5 4. c3 Nf6 5. d4 exd4 6. cxd4 Bb4+ 7. Nbd2 Nxe4
8. d5 Nxd2 9. Bxd2 Qe7+ 10. Kf1 Qe4 11. Qb3 Na5 12. Qxb4 Qxc4+ 13. Qxc4 Nxc4
14. Re1+ Kd8 15. Bc3 f6 16. g3 d6 17. Kg2 Bg4 18. Nd4 Kd7 19. f3 Bh5 20. Nf5
Ne5 21. Bxe5 dxe5 22. Nxg7 Bf7 23. Rd1 Rad8 24. Rd2 Kc8 25. Rhd1 Rd7 26. Nf5
Rhd8 27. d6 c6 28. Ne7+ Kb8 29. b3 a6 30. g4 Be6 31. Kg3 Ka7 32. f4 exf4+ 33.
Kxf4 Kb6 34. h4 Kc5 35. Rc2+ Kb6 36. Rcd2 Kc5 37. Nf5 Rf8 38. Rc2+ Kb6 39. Re2
Bd5 40. Re7 Rf7 41. Rde1 c5 42. Rxf7 Bxf7 43. h5 Kc6 44. Rd1 Be6 45. Ne7+ Kb6
46. g5 fxg5+ 47. Kxg5 c4 48. Kf6 Bg4 49. Rd4 Bxh5 50. Ke6 Rd8 51. Rxc4 Be8 52.
Nc8+ Ka5 53. Ke7 b5 54. Rd4 Rxc8 55. a3 Kb6 56. Rd3 Ra8 57. d7 Bxd7 58. Rxd7
Ra7 59. Rxa7 Kxa7 60. Kf7 h5 0-1

[Event "DVM U14w 2018"]
[Site "Neumünster GER"]
[Date "2018.12.27"]
[Round "2"]
[White "Visvikis, Kassandra"]
[Black "Schneider, Anna"]
[Result "1-0"]
[Termination "normal"]
[Board "5.3"]
[WhiteElo "1494"]
[BlackElo "1475"]
[WhiteTeam "OSG Baden-Baden"]
[BlackTeam "SF Sasbach"]
[PlyCount "72"]
[WhiteFideId "36052167"]
[BlackFideId "16200527"]
[EventCountry "GER"]
[EventRounds "7"]
[EventType "team-swiss"]
[EventDate "2018.12.26"]

1. e4 e5 2. Nf3 Nc6 3. Bb5 a6 4. Ba4 Nf6 5. O-O Be7 6. d3 b5 7. Bb3 O-O 8. c3
d6 9. h3 h6 10. Be3 Be6 11. Bc2 d5 12. Nbd2 Bd6 13. d4 exd4 14. Nxd4 Nxd4 15.
Bxd4 c5 16. Be3 Re8 17. e5 Bxe5 18. Bxc5 Bd6 19. Bd4 Nd7 20. f4 f6 21. Bg6 Bf7
22. f5 Bxg6 23. fxg6 Ne5 24. Re1 Qa5 25. Nf3 Qd8 26. Nh4 Rc8 27. b4 Rc6 28. a3
Bc7 29. Qe2 Qd7 30. Rab1 Bb6 31. Nf3 Nxf3+ 32. Qxf3 Bxd4+ 33. cxd4 Qd6 34. Qf5
Qd7 35. Qg4 Rce6 36. Rec1 Rc6 1-0